[Event "PER-ch"]
[Site "Lima"]
[Date "2015.05.01"]
[Round "3"]
[White "Vera Siguenas, Deivy Anthoni"]
[Black "Miguel, Fernando"]
[Result "1-0"]
[WhiteElo "2469"]
[BlackElo "2217"]
[PlyCount "55"]
[EventDate "2015.04.30"]
[EventType "swiss"]
[EventRounds "8"]
[EventCountry "PER"]
[SourceTitle "CBM 166 Extra"]
[Source "ChessBase"]
[SourceDate "2015.06.18"]
[SourceVersion "1"]
[SourceVersionDate "2015.06.18"]
[SourceQuality "1"]

1. e4 e5 2. Nf3 Nf6 3. Nxe5 d6 4. Nf3 Nxe4 5. Nc3 Nxc3 6. dxc3 Be7 7. Be3 Nc6 8. Qd2 Bf5 9. 0-0-0 a6 10. Kb1 Qd7 11. Nd4 Nxd4 12. Bxd4 Rg8 13. c4 0-0-0 14. Qc3 f6 15. Be2 Be4 16. f3 Bg6 17. h4 h5 18. f4 Be4 19. Bxh5 Qc6 20. Bf7 Rgf8 21. Be6+ Kb8 22. Bd5 Bxd5 23. cxd5 Qxc3 24. Bxc3 f5 25. Bxg7 Rg8 26. Bd4 Bf8 27. Bf6 Re8 28. Rde1 1-0

[Event "PER-ch Regional Centro"]
[Site "Lima"]
[Date "2002.??.??"]
[Round "7"]
[White "Miguel, Fernando"]
[Black "Garcia Toledo, Javier"]
[Result "1/2-1/2"]
[WhiteElo "2290"]
[BlackElo "2316"]
[PlyCount "35"]
[EventDate "2002.03.26"]
[EventType "swiss"]
[EventRounds "9"]
[EventCountry "PER"]
[SourceTitle "EXT 2003"]
[Source "ChessBase"]
[SourceDate "2002.11.25"]
[SourceVersion "1"]
[SourceVersionDate "2002.11.25"]
[SourceQuality "1"]

1. d4 Nf6 2. Nf3 g6 3. c4 Bg7 4. g3 0-0 5. Bg2 d6 6. 0-0 a6 7. Nc3 Nc6 8. h3 Rb8 9. Be3 b5 10. d5 Na5 11. cxb5 axb5 12. b4 Nc4 13. Ba7 Rb7 14. Bd4 Bd7 15. e4 c6 16. dxc6 Bxc6 17. e5 dxe5 18. Nxe5 1/2-1/2

[Event "PER-ch Regional Centro"]
[Site "Lima"]
[Date "2002.??.??"]
[Round "6"]
[White "Miguel, Fernando"]
[Black "Palacios, Efrain"]
[Result "1-0"]
[WhiteElo "2290"]
[BlackElo "2202"]
[PlyCount "65"]
[EventDate "2002.03.26"]
[EventType "swiss"]
[EventRounds "9"]
[EventCountry "PER"]
[SourceTitle "EXT 2003"]
[Source "ChessBase"]
[SourceDate "2002.11.25"]
[SourceVersion "1"]
[SourceVersionDate "2002.11.25"]
[SourceQuality "1"]

1. d4 d5 2. Nf3 Nf6 3. c4 dxc4 4. Qa4+ c6 5. Qxc4 g6 6. g3 Bg7 7. Bg2 0-0 8. 0-0 Nbd7 9. Nc3 Nb6 10. Qd3 Be6 11. Rd1 a5 12. e4 Bc4 13. Qc2 Ba6 14. b3 Qc7 15. Bf4 Qc8 16. Rac1 Re8 17. Qd2 Qd8 18. Bh6 Nfd7 19. Bxg7 Kxg7 20. d5 cxd5 21. Nxd5 Nxd5 22. Qxd5 Nf6 23. Qc5 Qc8 24. e5 Ng4 25. h3 Nh6 26. g4 Qxc5 27. Rxc5 b6 28. Rc7 Ng8 29. Rdd7 Rac8 30. Nd4 Red8 31. Nc6 Rxc7 32. Rxc7 Rd2 33. Nxe7 1-0

[Event "PER-ch serie B "]
[Site "Lima"]
[Date "2002.??.??"]
[Round "2"]
[White "Miguel, Fernando"]
[Black "Saldana Diaz, Juan"]
[Result "1/2-1/2"]
[WhiteElo "2295"]
[BlackElo "2000"]
[PlyCount "166"]
[EventDate "2002.09.09"]
[EventType "tourn"]
[EventRounds "9"]
[EventCountry "PER"]
[SourceTitle "CBM 090 Extra"]
[Source "ChessBase"]
[SourceDate "2002.11.07"]
[SourceVersion "1"]
[SourceVersionDate "2002.11.07"]
[SourceQuality "1"]

1. d4 e6 2. Nf3 f5 3. g3 Nf6 4. Bg2 Be7 5. 0-0 0-0 6. b3 d5 7. c4 c6 8. Ba3 Nbd7 9. Qc1 Ne4 10. Bxe7 Qxe7 11. Na3 Ndf6 12. Ne5 Nd7 13. Nd3 Qg5 14. f3 Qxc1 15. Raxc1 Ng5 16. h4 Nf7 17. e4 Nf6 18. e5 Ne8 19. cxd5 cxd5 20. Rc3 b6 21. Rfc1 Bd7 22. Nf4 g6 23. Bf1 a6 24. Nc2 Nd8 25. Nb4 b5 26. Nbd3 Nb7 27. a4 Kf7 28. axb5 axb5 29. Nc5 Nxc5 30. Rxc5 Rb8 31. Ra1 Rb7 32. Rac1 Ke7 33. Nd3 Kd8 34. Ra1 Nc7 35. Rc2 Ke7 36. Nc5 Rbb8 37. Ra7 Rfc8 38. Rb7 Rxb7 39. Nxb7 Ne8 40. Nc5 Nc7 41. Ra2 Ra8 42. Rxa8 Nxa8 43. Nxd7 Kxd7 44. Bxb5+ Kc7 45. Kf2 Kb6 46. Bd7 Nc7 47. Ke3 Ka5 48. Kd3 Kb4 49. Kc2 h6 50. Kb2 g5 51. hxg5 hxg5 52. f4 g4 53. Kc2 Ka5 54. Kc3 Nb5+ 55. Bxb5 Kxb5 56. Kc2 Kb4 57. Kb2 Ka5 58. Ka3 Kb5 59. b4 Kc4 60. Ka4 Kxd4 61. b5 Ke3 62. b6 d4 63. b7 d3 64. b8Q d2 65. Qb3+ Ke2 66. Kb5 d1Q 67. Qxd1+ Kxd1 68. Kc6 Ke2 69. Kd6 Kf3 70. Kxe6 Kxg3 71. Kxf5 Kf3 72. e6 g3 73. e7 g2 74. e8Q g1Q 75. Qc6+ Ke2 76. Qc2+ Kf3 77. Qb3+ Ke2 78. Kf6 Qd4+ 79. Kg5 Qg7+ 80. Kf5 Qh7+ 81. Ke5 Qg7+ 82. Ke4 Qe7+ 83. Kf5 Qh7+ 1/2-1/2

[Event "PER-ch sf"]
[Site "Lima"]
[Date "1998.??.??"]
[Round "5"]
[White "Miguel, Fernando"]
[Black "Alarcon, Ruy"]
[Result "1-0"]
[WhiteElo "2300"]
[BlackElo "2230"]
[PlyCount "91"]
[EventDate "1998.??.??"]
[EventType "swiss"]
[EventRounds "11"]
[EventCountry "PER"]
[SourceTitle "EXT 2000"]
[Source "ChessBase"]
[SourceDate "1999.11.16"]
[SourceVersion "1"]
[SourceVersionDate "1999.11.16"]
[SourceQuality "1"]

1. Nf3 d5 2. g3 Nf6 3. Bg2 g6 4. 0-0 Bg7 5. d4 0-0 6. c4 c6 7. cxd5 cxd5 8. Nc3 Nc6 9. Ne5 a6 10. Bg5 h6 11. Bxf6 Bxf6 12. Nxd5 Nxe5 13. dxe5 Bxe5 14. Qb3 e6 15. Nb6 Rb8 16. Rfd1 Qf6 17. Rd2 Bd4 18. e3 Bxb6 19. Qxb6 Qe7 20. Rc1 e5 21. Rc7 Qg5 22. Rd6 Qf5 23. e4 Qh5 24. Bf1 Kh8 25. Rd8 Be6 26. Rxf8+ Rxf8 27. Qd6 Kg8 28. Rxb7 Rc8 29. Rb8 Rxb8 30. Qxb8+ Kh7 31. Qd6 Bxa2 32. Qxa6 Bb1 33. Be2 Qg5 34. Qc4 Kg7 35. b4 Qd2 36. b5 Qb2 37. Kg2 Ba2 38. Qd3 Bb1 39. Qc4 Ba2 40. Qd3 Bb1 41. Qe3 f5 42. exf5 gxf5 43. Qa7+ Kg6 44. Qb6+ Kg7 45. Qc7+ Kg6 46. Bh5+ 1-0

[Event "PER-ch sf"]
[Site "Lima"]
[Date "1998.??.??"]
[Round "3"]
[White "Miguel, Fernando"]
[Black "Pacheco Asmat, Jorge"]
[Result "1/2-1/2"]
[WhiteElo "2300"]
[BlackElo "2370"]
[PlyCount "52"]
[EventDate "1998.??.??"]
[EventType "swiss"]
[EventRounds "11"]
[EventCountry "PER"]
[SourceTitle "EXT 2000"]
[Source "ChessBase"]
[SourceDate "1999.11.16"]
[SourceVersion "1"]
[SourceVersionDate "1999.11.16"]
[SourceQuality "1"]

1. Nf3 d5 2. c4 e6 3. d4 Be7 4. Nc3 Nf6 5. Bg5 0-0 6. e3 h6 7. Bh4 b6 8. Rc1 Bb7 9. cxd5 Nxd5 10. Nxd5 exd5 11. Bxe7 Qxe7 12. Bd3 c5 13. 0-0 Nd7 14. Bb1 Rfc8 15. Qd3 Nf8 16. Ne5 Qe6 17. Qd1 cxd4 18. Rxc8 Rxc8 19. exd4 Nd7 20. g4 g6 21. f4 Nxe5 22. fxe5 Rc4 23. h3 Qe7 24. Kh2 Kg7 25. b3 Rc7 26. Qf3 Ba6 1/2-1/2

[Event "PER-ch sf"]
[Site "Lima"]
[Date "1998.??.??"]
[Round "4"]
[White "Torres, Jean Pierre"]
[Black "Miguel, Fernando"]
[Result "1/2-1/2"]
[WhiteElo "2165"]
[BlackElo "2300"]
[PlyCount "68"]
[EventDate "1998.??.??"]
[EventType "swiss"]
[EventRounds "11"]
[EventCountry "PER"]
[SourceTitle "EXT 2000"]
[Source "ChessBase"]
[SourceDate "1999.11.16"]
[SourceVersion "1"]
[SourceVersionDate "1999.11.16"]
[SourceQuality "1"]

1. e4 g6 2. d4 Bg7 3. Nf3 c6 4. c4 d6 5. Nc3 Nd7 6. g3 e5 7. Bg2 Ngf6 8. 0-0 0-0 9. b3 Qa5 10. Bb2 Re8 11. Re1 Nf8 12. h3 Bd7 13. a3 exd4 14. Nxd4 Rad8 15. b4 Qc7 16. Qc2 Qc8 17. Kh2 Ne6 18. Nf3 Qc7 19. Rad1 Bc8 20. Rd2 Nd7 21. Red1 Ne5 22. Nxe5 dxe5 23. Rxd8 Rxd8 24. Rxd8+ Qxd8 25. c5 Nd4 26. Qd3 h5 27. Ne2 h4 28. g4 b6 29. Nxd4 bxc5 30. bxc5 exd4 31. f4 Qf6 32. Bc1 Qe7 33. e5 Qxc5 34. Bb2 Bf8 1/2-1/2

[Event "ESP-ch"]
[Site "Torrevieja"]
[Date "1997.09.30"]
[Round "2"]
[White "Narciso Dublan, Marc"]
[Black "Miguel, Fernando"]
[Result "1-0"]
[WhiteElo "2450"]
[BlackElo "2330"]
[PlyCount "133"]
[EventDate "1997.09.29"]
[EventType "swiss"]
[EventRounds "9"]
[EventCountry "ESP"]
[SourceTitle "CBM 060 Extra"]
[Source "ChessBase"]
[SourceDate "1997.11.04"]
[SourceVersion "1"]
[SourceVersionDate "1997.11.04"]
[SourceQuality "1"]

1. e4 g6 2. d4 Bg7 3. Nf3 d6 4. Be2 Nf6 5. Nc3 0-0 6. 0-0 Nc6 7. d5 Nb8 8. h3 e5 9. dxe6 Bxe6 10. Bg5 h6 11. Bf4 d5 12. Nd4 Nxe4 13. Nxe4 dxe4 14. Nxe6 fxe6 15. Qxd8 Rxd8 16. Bc4 Na6 17. Rae1 g5 18. Bxe6+ Kh8 19. Bc1 Nc5 20. Bf5 Re8 21. b4 Na6 22. a3 c5 23. Bxe4 Rab8 24. b5 Nc7 25. Bd3 Bc3 26. Rxe8+ Rxe8 27. f4 Ne6 28. Bg6 Rf8 29. Be4 Nxf4 30. Bxf4 Bd4+ 31. Kh2 b6 32. g3 gxf4 33. gxf4 Kg7 34. Kg3 Kf6 35. Kf3 Rg8 36. Bd3 Rg1 37. Ke4 Rxf1 38. Bxf1 h5 39. Be2 h4 40. Bg4 Bc3 41. Kd5 Bd2 42. f5 Ba5 43. Kc6 Be1 44. Kb7 Ba5 45. Kxa7 Ke5 46. Kb7 Kf6 47. Kc6 Ke5 48. a4 Kf6 49. Kd5 Be1 50. Ke4 Bc3 51. Be2 Kg5 52. Bc4 Kf6 53. Kf4 Be1 54. Kg4 Bg3 55. Be6 Be1 56. a5 bxa5 57. Kf4 a4 58. b6 a3 59. Ke4 Ba5 60. b7 Bc7 61. Bb3 Bb8 62. Ba2 Ba7 63. c4 Bb8 64. Bb1 Ba7 65. Kd5 a2 66. Bxa2 Kxf5 67. Kc6 1-0

[Event "WchT U26 11th"]
[Site "Roque Saenz Pena"]
[Date "1997.08.08"]
[Round "3"]
[White "Miguel, Fernando"]
[Black "Jodorcovsky Werjivker, Paulo"]
[Result "1/2-1/2"]
[WhiteElo "2330"]
[BlackElo "2295"]
[PlyCount "30"]
[EventDate "1997.08.06"]
[EventType "team-swiss"]
[EventRounds "9"]
[EventCountry "ARG"]
[SourceTitle "EXT 2020"]
[Source "ChessBase"]
[SourceDate "2019.10.17"]
[SourceVersion "1"]
[SourceVersionDate "2019.10.17"]
[SourceQuality "1"]
[WhiteTeam "Peru"]
[BlackTeam "Paraguay"]
[WhiteTeamCountry "PER"]
[BlackTeamCountry "PAR"]

1. c4 e6 2. Nc3 d5 3. d4 c6 4. cxd5 exd5 5. Nf3 Bd6 6. Bg5 Ne7 7. e3 Bf5 8. Bd3 f6 9. Bh4 0-0 10. 0-0 Nd7 11. Bg3 Bxg3 12. hxg3 Bxd3 13. Qxd3 Qe8 14. b4 a6 15. a4 Nb6 1/2-1/2

[Event "PER-ch45"]
[Site "Peru"]
[Date "1997.??.??"]
[Round "11"]
[White "Miguel, Fernando"]
[Black "Cruz Estrada, Filemon"]
[Result "0-1"]
[WhiteElo "2350"]
[BlackElo "2355"]
[PlyCount "46"]
[EventDate "1997.??.??"]
[EventType "tourn"]
[EventRounds "11"]
[EventCountry "PER"]
[SourceTitle "EXT 1999"]
[Source "ChessBase"]
[SourceDate "1998.11.16"]
[SourceVersion "1"]
[SourceVersionDate "1998.11.16"]
[SourceQuality "1"]

1. d4 d5 2. Nf3 Nf6 3. c4 dxc4 4. g3 Bd7 5. Bg2 Bc6 6. 0-0 e6 7. Qc2 b5 8. a4 a6 9. axb5 axb5 10. Rxa8 Bxa8 11. Nc3 c6 12. Bf4 Na6 13. Ne5 Nb4 14. Qd2 Be7 15. Ra1 Nbd5 16. Bg5 0-0 17. e4 Nxc3 18. bxc3 c5 19. Ra7 cxd4 20. cxd4 Bxe4 21. Bxf6 Bxf6 22. Bxe4 Bxe5 23. Ra8 Qd6 0-1

[Event "PER-ch U26"]
[Site "Peru"]
[Date "1997.??.??"]
[Round "5"]
[White "Miguel, Fernando"]
[Black "Gutierrez, Renzo"]
[Result "1/2-1/2"]
[WhiteElo "2350"]
[BlackElo "2085"]
[PlyCount "71"]
[EventDate "1997.??.??"]
[EventType "swiss"]
[EventRounds "7"]
[EventCountry "PER"]
[SourceTitle "EXT 2000"]
[Source "ChessBase"]
[SourceDate "1999.11.16"]
[SourceVersion "1"]
[SourceVersionDate "1999.11.16"]
[SourceQuality "1"]

1. d4 Nf6 2. c4 e6 3. Nc3 d5 4. Bg5 c6 5. e3 Nbd7 6. Nf3 Qa5 7. Nd2 dxc4 8. Bxf6 Nxf6 9. Nxc4 Qc7 10. Bd3 a6 11. a4 b5 12. Ne5 Bb7 13. 0-0 Bd6 14. axb5 cxb5 15. Bxb5+ Ke7 16. Be2 Bxe5 17. dxe5 Qxe5 18. Qb3 Rhb8 19. Qb4+ Qd6 20. Qh4 Kf8 21. Rfd1 Qe7 22. Ra4 h6 23. Rda1 Nd5 24. Qg3 Nb4 25. Rd1 Bc6 26. Raa1 Rb7 27. Rd2 a5 28. e4 Qg5 29. Qxg5 hxg5 30. Rad1 Ke7 31. f3 Be8 32. Bf1 Rab8 33. Ra1 Nc6 34. Nd1 Rb4 35. Rc1 R8b7 36. Rc4 1/2-1/2

[Event "PER-ch U26"]
[Site "Peru"]
[Date "1997.??.??"]
[Round "7"]
[White "Moreno, Alberto"]
[Black "Miguel, Fernando"]
[Result "1/2-1/2"]
[WhiteElo "2185"]
[BlackElo "2350"]
[PlyCount "53"]
[EventDate "1997.??.??"]
[EventType "swiss"]
[EventRounds "7"]
[EventCountry "PER"]
[SourceTitle "EXT 2000"]
[Source "ChessBase"]
[SourceDate "1999.11.16"]
[SourceVersion "1"]
[SourceVersionDate "1999.11.16"]
[SourceQuality "1"]

1. d4 Nf6 2. Nf3 e6 3. g3 b6 4. Bg2 Bb7 5. 0-0 Be7 6. c4 0-0 7. Nc3 Ne4 8. Qc2 Nxc3 9. Qxc3 f5 10. b3 Bf6 11. Bb2 d6 12. Ne1 Bxg2 13. Nxg2 Nc6 14. Qd2 e5 15. dxe5 dxe5 16. Qxd8 Raxd8 17. Rfd1 Nd4 18. Kf1 c5 19. Ne3 f4 20. Nd5 fxg3 21. hxg3 Bg5 22. Bc1 Bxc1 23. Raxc1 e4 24. e3 Nf3 25. Nc3 Ng5 26. a4 Kf7 27. Ke2 1/2-1/2

[Event "PER-ch45"]
[Site "Peru"]
[Date "1997.??.??"]
[Round "10"]
[White "Oblitas Guerrero, Carlomagno"]
[Black "Miguel, Fernando"]
[Result "1/2-1/2"]
[WhiteElo "2420"]
[BlackElo "2350"]
[PlyCount "44"]
[EventDate "1997.??.??"]
[EventType "tourn"]
[EventRounds "11"]
[EventCountry "PER"]
[SourceTitle "EXT 1999"]
[Source "ChessBase"]
[SourceDate "1998.11.16"]
[SourceVersion "1"]
[SourceVersionDate "1998.11.16"]
[SourceQuality "1"]

1. g3 d5 2. Bg2 Nf6 3. c4 c6 4. cxd5 cxd5 5. Nf3 Nc6 6. d4 Bf5 7. Nc3 e6 8. 0-0 Be7 9. Bf4 0-0 10. Ne5 Rc8 11. h3 h6 12. g4 Bh7 13. e3 a6 14. Qe2 Nxe5 15. Bxe5 b5 16. Rfc1 Qd7 17. Qd1 Rc6 18. Ne2 Rfc8 19. Rxc6 Rxc6 20. Bxf6 Bxf6 21. Rc1 Be7 22. Bf1 Qc7 1/2-1/2

[Event "PER-ch43"]
[Site "Peru"]
[Date "1995.??.??"]
[Round "5"]
[White "Bravo Sedamanos, Hector"]
[Black "Miguel, Fernando"]
[Result "1/2-1/2"]
[WhiteElo "2335"]
[BlackElo "2305"]
[PlyCount "64"]
[EventDate "1995.??.??"]
[EventType "tourn"]
[EventRounds "11"]
[EventCountry "PER"]
[SourceTitle "EXT 1999"]
[Source "ChessBase"]
[SourceDate "1998.11.16"]
[SourceVersion "1"]
[SourceVersionDate "1998.11.16"]
[SourceQuality "1"]

1. c4 Nf6 2. Nc3 g6 3. e4 d6 4. d4 Bg7 5. f3 a6 6. Be3 Nbd7 7. Qd2 c5 8. Nge2 0-0 9. Bh6 cxd4 10. Nxd4 Ne5 11. Bxg7 Kxg7 12. Be2 Be6 13. b3 Qb6 14. Rd1 Rfc8 15. 0-0 Nc6 16. Qe3 Nxd4 17. Rxd4 Qc5 18. Na4 Qa7 19. Qf2 Rab8 20. Rd2 Qxf2+ 21. Kxf2 b5 22. Nb2 Nd7 23. cxb5 axb5 24. Nd3 b4 25. Rc1 Rxc1 26. Nxc1 Nc5 27. Nd3 Nxd3+ 28. Bxd3 f5 29. Ke3 Kf6 30. Rc2 Ra8 31. Kd4 Bf7 32. Bb5 Ra5 1/2-1/2

[Event "PER-ch43"]
[Site "Peru"]
[Date "1995.??.??"]
[Round "2"]
[White "Miguel, Fernando"]
[Black "Cruz Estrada, Filemon"]
[Result "1/2-1/2"]
[WhiteElo "2305"]
[BlackElo "2405"]
[PlyCount "33"]
[EventDate "1995.??.??"]
[EventType "tourn"]
[EventRounds "11"]
[EventCountry "PER"]
[SourceTitle "EXT 1999"]
[Source "ChessBase"]
[SourceDate "1998.11.16"]
[SourceVersion "1"]
[SourceVersionDate "1998.11.16"]
[SourceQuality "1"]

1. d4 d5 2. c4 c6 3. Nf3 Nf6 4. Nc3 a6 5. c5 Nbd7 6. Bf4 Nh5 7. e3 Nxf4 8. exf4 g6 9. Bd3 Bg7 10. 0-0 0-0 11. Qc2 Re8 12. Rfe1 Qc7 13. g3 Nf8 14. b4 f6 15. h4 Bg4 16. Nh2 Bd7 17. Nf3 1/2-1/2

[Event "PER-ch43"]
[Site "Peru"]
[Date "1995.??.??"]
[Round "11"]
[White "Miguel, Fernando"]
[Black "Munoz Pantoja, Miguel Angel"]
[Result "0-1"]
[WhiteElo "2305"]
[BlackElo "2260"]
[PlyCount "80"]
[EventDate "1995.??.??"]
[EventType "tourn"]
[EventRounds "11"]
[EventCountry "PER"]
[SourceTitle "EXT 1999"]
[Source "ChessBase"]
[SourceDate "1998.11.16"]
[SourceVersion "1"]
[SourceVersionDate "1998.11.16"]
[SourceQuality "1"]

1. d4 Nf6 2. c4 g6 3. Nc3 Bg7 4. e4 d6 5. Be2 0-0 6. Nf3 e5 7. 0-0 Nc6 8. d5 Ne7 9. Ne1 Nd7 10. Nd3 f5 11. Bd2 Nf6 12. f3 f4 13. c5 g5 14. cxd6 cxd6 15. Nf2 h5 16. h3 Rf7 17. Qc2 Ng6 18. Rfc1 a6 19. a4 Rc7 20. a5 Bd7 21. b4 Rac8 22. Qb3 Qe8 23. b5 Nh4 24. bxa6 bxa6 25. Na2 Bf8 26. Rxc7 Rxc7 27. Rc1 Rxc1+ 28. Bxc1 Qc8 29. Qc4 Qe8 30. Qxa6 Qg6 31. Qd3 g4 32. hxg4 hxg4 33. Nc3 g3 34. Ng4 Nxg4 35. fxg4 Qh7 36. Bf3 Nxf3+ 37. Qxf3 Qh2+ 38. Kf1 Qh1+ 39. Ke2 Qxc1 40. g5 Bc8 0-1

[Event "PER-ch43"]
[Site "Peru"]
[Date "1995.??.??"]
[Round "7"]
[White "Oblitas Guerrero, Carlomagno"]
[Black "Miguel, Fernando"]
[Result "1/2-1/2"]
[WhiteElo "2440"]
[BlackElo "2305"]
[PlyCount "47"]
[EventDate "1995.??.??"]
[EventType "tourn"]
[EventRounds "11"]
[EventCountry "PER"]
[SourceTitle "EXT 1999"]
[Source "ChessBase"]
[SourceDate "1998.11.16"]
[SourceVersion "1"]
[SourceVersionDate "1998.11.16"]
[SourceQuality "1"]

1. e4 g6 2. d4 Bg7 3. c3 d6 4. Bg5 Nf6 5. Nd2 e5 6. Ngf3 Nbd7 7. h3 0-0 8. Bd3 h6 9. Be3 Qe7 10. 0-0 Nh5 11. Re1 Re8 12. a4 Nf8 13. Bf1 Nf4 14. Bxf4 exf4 15. a5 g5 16. a6 b6 17. Bb5 Bd7 18. Qa4 Bxb5 19. Qxb5 Qd7 20. Qxd7 Nxd7 21. Nc4 Rab8 22. Na3 b5 23. Nc2 c5 24. Red1 1/2-1/2

[Event "Euskadi-ch"]
[Site "Euskadi"]
[Date "1995.??.??"]
[Round "5"]
[White "Ortiz, E."]
[Black "Miguel, Fernando"]
[Result "1/2-1/2"]
[WhiteElo "2205"]
[BlackElo "2305"]
[PlyCount "84"]
[EventDate "1995.??.??"]
[EventType "swiss"]
[EventRounds "7"]
[EventCountry "ESP"]
[SourceTitle "EXT 1997"]
[Source "ChessBase"]
[SourceDate "1996.11.15"]
[SourceVersion "1"]
[SourceVersionDate "1996.11.15"]
[SourceQuality "1"]

1. e4 e5 2. Nf3 Nc6 3. Bb5 a6 4. Bxc6 dxc6 5. Nc3 f6 6. d4 exd4 7. Qxd4 Qxd4 8. Nxd4 Bd7 9. Be3 0-0-0 10. 0-0 Ne7 11. Nb3 b6 12. Nc1 Ng6 13. Nd3 Bd6 14. Rae1 Rhe8 15. f3 Be6 16. b3 Ne5 17. Ne2 c5 18. Ndf4 Bf7 19. Ng3 c4 20. Rd1 cxb3 21. axb3 Nc6 22. Nf5 Bf8 23. Kf2 Nb4 24. Rxd8+ Rxd8 25. Rc1 c5 26. Ke2 g6 27. Ng3 Na2 28. Ra1 Nc3+ 29. Ke1 Kb7 30. Nge2 Nxe2 31. Kxe2 c4 32. Rb1 cxb3 33. cxb3 Bd6 34. g3 Bc7 35. Nd3 Be8 36. Nb2 Bb5+ 37. Nc4 a5 38. Ke1 Rd3 39. Kf2 a4 40. Na5+ Ka6 41. bxa4 Bxa4 42. Rc1 Bxg3+ 1/2-1/2

[Event "PER-sf"]
[Site "Peru"]
[Date "1994.??.??"]
[Round "1"]
[White "Aguilar, Juan"]
[Black "Miguel, Fernando"]
[Result "1/2-1/2"]
[WhiteElo "2305"]
[BlackElo "2270"]
[PlyCount "25"]
[EventDate "1994.??.??"]
[EventType "swiss"]
[EventRounds "9"]
[EventCountry "PER"]
[SourceTitle "EXT 1997"]
[Source "ChessBase"]
[SourceDate "1996.11.15"]
[SourceVersion "1"]
[SourceVersionDate "1996.11.15"]
[SourceQuality "1"]

1. e4 g6 2. d4 Bg7 3. Nc3 c6 4. Nf3 d6 5. Bc4 Nf6 6. Bb3 0-0 7. 0-0 Bg4 8. h3 Bxf3 9. Qxf3 Nbd7 10. Be3 Qc7 11. Qe2 c5 12. Rad1 Rac8 13. dxc5 1/2-1/2